000 00650nam a2200277Ia 4500
005 20260324142955.0
008 008 260324s9999 xx 000 0 eng d
020 _a9780203061978
037 _aEBOOK
040 _aCRL
040 _beng
040 _cCRL
041 _2eng
041 _aeng
084 _qCRL
100 _a Tessmer, Martin
_91213925
245 0 _aPlanning and Conducting Formative Evaluations
260 _bTaylor and Francis
260 _c1993
365 _a
365 _b230
856 _uhttp://www.taylorfrancis.com/books/9780203061978
942 _cEBOOK
999 _c1818759
_d1818759